| 000 | 00594cam a2200169 i 4500 | ||
|---|---|---|---|
| 005 | 20251214094549.0 | ||
| 008 | 250721s1993 om gr 000 0 ara d | ||
| 082 | 1 | 4 |
_a216,4 _bم ح م |
| 100 | 1 |
_aكندي، محمد بن إبراهيم _eمؤلف. |
|
| 245 | 1 | 0 |
_aبيان الشرع / _cتأليف العالم محمد بن ابراهيم الكندي. |
| 264 | 3 | 1 |
_aمسقط : _bوزارة التراث القومي والثقافة، _c1993. |
| 300 |
_aالجزء _e59، 60. |
||
| 650 | 1 | 7 | _aالميراث. |
| 650 | 1 | 7 | _aالوصايا. |
| 942 |
_2ddc _cBK |
||
| 999 |
_c1525 _d1525 |
||